Statistics for Flags of the Continents

Click here to take the quiz!

General Stats

  • This quiz has been taken 114 times
  • The average score is 6 of 7

Answer Stats

Answer% Correct
Europe
96%
North America
92%
Antarctica
89%
Africa
87%
Asia
87%
Oceania
86%
South America
83%

Score Distribution

Percentile by Number Answered

Percent of People with Each Score

Your Score History

You have not taken this quiz